| 000 | 00863nam a2200265Ia 4500 | ||
|---|---|---|---|
| 003 | OSt | ||
| 005 | 20220925225930.0 | ||
| 006 | a|||||r|||| 00| 0 | ||
| 007 | ta | ||
| 008 | 220923b |||||||| |||| 00| 0 eng d | ||
| 020 |
_a13:9780415415357 _c1208.45 |
||
| 037 |
_bINDXL/RTL/146/07-08, 18/03/2008, Index International _cGeneral Book |
||
| 040 |
_aRTL _cRTL _beng |
||
| 041 |
_2eng _aeng |
||
| 082 | _aU:(Y), P7 | ||
| 100 |
_aThompson Catherine W _9293020 |
||
| 245 | 0 |
_aOpen space _b People space |
|
| 260 |
_aLondon _bTaylor and Francies _c2007 |
||
| 300 |
_axix, 199p _ccm. |
||
| 500 | _aBibliography chapterwise | ||
| 650 | _aGeography | ||
| 700 |
_a Travlou Ponny _9293021 |
||
| 942 |
_hU:(Y), P7 _cGB _2CC |
||
| 999 |
_c584409 _d584409 |
||